পতিসরে রবীন্দ্রনাথ / (Record no. 47770)
[ view plain ]
| 000 -LEADER | |
|---|---|
| fixed length control field | 01040nam a2200241 a 4500 |
| 001 - CONTROL NUMBER | |
| control field | 47770 |
| 003 - CONTROL NUMBER IDENTIFIER | |
| rucl marc code | BD-RjUL |
| 005 - DATE AND TIME OF LATEST TRANSACTION | |
| control field | 20211209054405.0 |
| 008 - FIXED-LENGTH DATA ELEMENTS--GENERAL INFORMATION | |
| fixed length control field | 160810s2000 bg a|||| b||| 00| 0 ben d |
| 020 ## - INTERNATIONAL STANDARD BOOK NUMBER | |
| Terms of availability | : TK 100.00 |
| International Standard Book Number | 8176126063 |
| 035 ## - SYSTEM CONTROL NUMBER | |
| System control number | (BD-RjUL)47889 |
| 040 ## - CATALOGING SOURCE | |
| Original cataloging agency | BD-RjUL |
| Language of cataloging | ben |
| Transcribing agency | BD-RjUL |
| Modifying agency | BD-RjUL |
| 041 ## - LANGUAGE CODE | |
| Language code of text/sound track or separate title | ben |
| 082 ## - DEWEY DECIMAL CLASSIFICATION NUMBER | |
| Edition number | 23 |
| Classification number | 891.4414 |
| Author mark and year | CHP 2000 |
| 100 ## - MAIN ENTRY--PERSONAL NAME | |
| Personal name | চৌধুরী, সাফুদ্দীন |
| 9 (RLIN) | 127868 |
| 245 10 - TITLE STATEMENT | |
| Title | পতিসরে রবীন্দ্রনাথ / |
| Statement of responsibility, etc. | সাফুদ্দীন চৌধুরী ; ভূমিকা মযহারুল ইসলাম |
| 260 ## - PUBLICATION, DISTRIBUTION, ETC. (IMPRINT) | |
| Place of publication, distribution, etc. | কলকাতা : |
| Name of publisher, distributor, etc. | দে'জ পাবলিশিং, |
| Date of publication, distribution, etc. | ২০০০ |
| 300 ## - PHYSICAL DESCRIPTION | |
| Pagination | xxi, ১৯১ পৃ. ; |
| Size | ২১ সেমি. |
| 600 ## - SUBJECT ADDED ENTRY--PERSONAL NAME | |
| Personal name | Tagore, Robindronath, |
| Dates associated with a name | 1861-1941 |
| Titles and other words associated with a name | ঠাকুর, রবীন্দ্রনাথ, |
| Dates associated with a name | ১৮৬১-১৯৪১ |
| 700 ## - ADDED ENTRY--PERSONAL NAME | |
| Personal name | ইসলাম, মযহারুল, ভূমিকা |
| 942 ## - ADDED ENTRY ELEMENTS (KOHA) | |
| Source of classification or shelving scheme | Dewey Decimal Classification |
| Koha item type | Books |
| Lost status | Source of classification or shelving scheme | Damaged status | Not for loan | Collection code | Permanent Location | Current Location | Shelving location | Date acquired | Source of acquisition | Cost, normal purchase price | Total Checkouts | Full call number | Date last seen | Copy number | Koha item type | Date checked out |
|---|---|---|---|---|---|---|---|---|---|---|---|---|---|---|---|---|
| Dewey Decimal Classification | Non-fiction | Central Library, University of Rajshahi | Central Library, University of Rajshahi | 15/01/2008 | Dhaka, pharagon anterprize lim. | 100.00 | B 891.4414 CHP 2000 | 10/08/2016 | C-2 | Books | ||||||
| Dewey Decimal Classification | Non-fiction | Central Library, University of Rajshahi | Central Library, University of Rajshahi | 15/01/2008 | Dhaka, pharagon anterprize lim. | 100.00 | 1 | B 891.4414 CHP 2000 | 26/02/2019 | C-3 | Books | 26/02/2019 | ||||
| Dewey Decimal Classification | Non-fiction | Central Library, University of Rajshahi | Central Library, University of Rajshahi | 15/01/2008 | Dhaka, pharagon anterprize lim. | 100.00 | 1 | B 891.4414 CHP 2000 | 08/04/2019 | C-4 | Books | 26/02/2019 | ||||
| Dewey Decimal Classification | Non-fiction | Central Library, University of Rajshahi | Central Library, University of Rajshahi | 15/01/2008 | Dhaka, pharagon anterprize lim. | 100.00 | B 891.4414 CHP 2000 | 10/08/2016 | C-5 | Books | ||||||
| Dewey Decimal Classification | Non-fiction | Central Library, University of Rajshahi | Central Library, University of Rajshahi | 15/01/2008 | Dhaka, pharagon anterprize lim. | 100.00 | B 891.4414 CHP 2000 | 10/08/2016 | C-6 | Books |